000 00506nam a22001817a 4500
003 OSt
005 20140310182155.0
008 130830t xxu||||| |||| 00| 0 eng d
020 _a0030519497
050 _aQH 308.7
_b.L722 2001
082 _aHS 574
_bH74 2001
245 _aHolt science & technology :
_blife science /
260 _aNew York :
_bHolt, Rineheart and Winston,
_cc2001.
300 _axxvii, 838 p. ;
_bcol. : ill. ;
_c28 cm.
541 _j1
562 _e1
942 _2lcc
_cHS
_kHS
999 _c10080
_d10080